000 00444pab a2200169 454500
008 180718b2005 xxu||||| |||| 00| 0 eng d
100 _aRay, P.K.
245 _aSkill training efforts and labour market in India
260 _c2005
300 _ap.637-47.
362 _aJul-Sep
650 _aTraining - India
650 _aLabour market - India
650 _aLabour market
773 _aIndian Journal of Labour Economics
909 _a68897
999 _c68897
_d68897